[Event "zonal 2.3"]
[Site "San Salvador ESA"]
[Date "1998.11.05"]
[Round "1"]
[White "Hernandez, Gilberto"]
[Black "Fierro Baquero, Martha"]
[Result "1-0"]
[WhiteElo "2520"]
[BlackElo "2240"]
[EventDate "1998.11.05"]
[PlyCount "47"]

1.e4 d5 2.exd5 Qxd5 3.Nc3 Qa5 4.Nf3 Nf6 5.g3 Bg4 6.Bg2 e6 7.h3 Bh5 8.O-O 
c6 9.d3 Be7 10.Bd2 O-O 11.g4 Bg6 12.Nh4 Qc7 13.f4 Nd5 14.Qe1 Bd6 15.Nxg6 
hxg6 16.f5 gxf5 17.gxf5 Nxc3 18.Bxc3 exf5 19.Rxf5 Qe7 20.Qf2 Nd7 21.Re1 
Qd8 22.Kh1 Bc7 23.Be4 f6 24.Rh5 1-0

[Event "zonal 2.3"]
[Site "San Salvador ESA"]
[Date "1998.11.05"]
[Round "1"]
[White "Reyes Najera, Carlos Antonio"]
[Black "Garcia, Gildardo"]
[Result "0-1"]
[WhiteElo "2235"]
[BlackElo "2510"]
[EventDate "1998.11.05"]
[PlyCount "98"]

1.d4 Nf6 2.c4 e6 3.Nc3 Bb4 4.Qc2 O-O 5.Nf3 c5 6.a3 Bxc3+ 7.Qxc3 cxd4 8.
Nxd4 d5 9.e3 Re8 10.cxd5 e5 11.Nf3 Nxd5 12.Qc2 Nc6 13.e4 Nf4 14.h3 Qf6 15.
Bxf4 exf4 16.O-O-O Be6 17.Kb1 Rac8 18.Qa4 a6 19.Bd3 Red8 20.e5 Nxe5 21.
Nxe5 Qxe5 22.Qe4 Qd5 23.Qxd5 Bxd5 24.f3 Kf8 25.Bf5 Rb8 26.Rd3 Rd6 27.Rhd1 
Rbd8 28.Kc1 Ke7 29.Rc3 Kf6 30.Bc2 h6 31.Rd4 Ke5 32.Rd2 Bc6 33.Re2+ Kf6 34.
Rc4 Rd4 35.Rc5 g6 36.Rc3 Kg5 37.Bb3 R8d7 38.Re4 Kh4 39.Re2 Kg3 40.Bc4 Rxc4
41.Rxc4 Bb5 42.Rcc2 Bxe2 43.Rxe2 g5 44.Kc2 h5 45.b4 f5 46.a4 g4 47.Re5 Rf7
48.hxg4 hxg4 49.fxg4 fxg4 0-1

[Event "zonal 2.3"]
[Site "San Salvador ESA"]
[Date "1998.11.05"]
[Round "1"]
[White "Zapata, Alonso"]
[Black "Infante Meyer, Salvador"]
[Result "1-0"]
[WhiteElo "2470"]
[BlackElo "2225"]
[EventDate "1998.11.05"]
[PlyCount "69"]

1.e4 c5 2.Nf3 d6 3.d4 cxd4 4.Nxd4 Nf6 5.Nc3 a6 6.Bc4 e6 7.Bb3 b5 8.O-O Be7
9.Qf3 Qd7 10.Rd1 Qb7 11.Qg3 O-O 12.Bh6 Ne8 13.Kh1 Kh8 14.Bg5 Nf6 15.Bxf6 
gxf6 16.f3 Rg8 17.Qe1 b4 18.Nd5 Bd8 19.Nxb4 a5 20.Nd3 a4 21.Bc4 d5 22.exd5
exd5 23.Bb5 Ra5 24.Nc5 Qb6 25.Nxa4 Qd6 26.Nc3 Bc7 27.Qh4 Nd7 28.Nf5 Qe5 
29.Rxd5 Rxb5 30.Rxb5 Qe6 31.Nd4 Qe3 32.Rh5 Nf8 33.Qxf6+ Rg7 34.Ne4 Ng6 35.
Rc5 1-0

[Event "zonal 2.3"]
[Site "San Salvador ESA"]
[Date "1998.11.05"]
[Round "1"]
[White "Sosa Trani, Luis"]
[Black "Murillo Tsijli, Alexis"]
[Result "0-1"]
[WhiteElo "2225"]
[BlackElo "2420"]
[EventDate "1998.11.05"]
[PlyCount "56"]

1.d4 d5 2.e4 dxe4 3.Nc3 Nf6 4.f3 exf3 5.Nxf3 Bg4 6.h3 Bh5 7.g4 Bg6 8.Ne5 
e6 9.Bg2 c6 10.O-O Be7 11.h4 Nbd7 12.h5 Nxe5 13.dxe5 Bc5+ 14.Kh2 Qxd1 15.
Rxd1 Nxg4+ 16.Kg3 Bxh5 17.Kh4 g6 18.Ne4 Be7+ 19.Kg3 Nxe5 20.Bf4 Nc4 21.Rd4
e5 22.Rxc4 exf4+ 23.Kxf4 f5 24.Nc5 O-O-O 25.Ne6 Rd2 26.Bh1 Re2 27.Nd4 g5+ 
28.Kg3 f4+ 0-1

[Event "zonal 2.3"]
[Site "San Salvador ESA"]
[Date "1998.11.05"]
[Round "1"]
[White "Clavijo, Jorge Mario"]
[Black "Jimenez Molina, Juan Leon"]
[Result "1/2-1/2"]
[WhiteElo "2400"]
[BlackElo "2220"]
[EventDate "1998.11.05"]
[PlyCount "91"]

1.d4 g6 2.c4 Bg7 3.Nc3 c5 4.e3 Nf6 5.Nf3 O-O 6.Be2 cxd4 7.exd4 d5 8.O-O 
Nc6 9.Be3 Be6 10.c5 Ne4 11.h3 Nxc5 12.dxc5 d4 13.Nxd4 Nxd4 14.Bg4 Bxg4 15.
hxg4 Qd7 16.Rc1 Rfd8 17.Ne2 e5 18.Nxd4 exd4 19.Bg5 Re8 20.Qf3 Re6 21.Rfe1 
Rae8 22.Rxe6 Rxe6 23.b4 h6 24.Bf4 Rf6 25.Qg3 Ra6 26.Bd6 Rxa2 27.Re1 Qa4 
28.Qf3 Ra1 29.Rxa1 Qxa1+ 30.Kh2 Qa6 31.Qe4 Qb5 32.f4 d3 33.f5 g5 34.f6 
Bxf6 35.Qf5 Kg7 36.Bf8+ Kxf8 37.Qxf6 Qd7 38.Qxh6+ Ke8 39.Qh8+ Ke7 40.Qe5+ 
Kd8 41.Qb8+ Ke7 42.Qe5+ Kd8 43.Qb8+ Qc8 44.Qd6+ Qd7 45.Qb8+ Ke7 46.Qe5+ 
1/2-1/2

[Event "zonal 2.3"]
[Site "San Salvador ESA"]
[Date "1998.11.05"]
[Round "1"]
[White "Castillo Melenes, Otto Rene"]
[Black "Minero Pineda, Sergio"]
[Result "1/2-1/2"]
[WhiteElo "2195"]
[BlackElo "2405"]
[EventDate "1998.11.05"]
[PlyCount "96"]

1.e4 e6 2.d3 d5 3.Nd2 c5 4.Ngf3 Nc6 5.g3 Bd6 6.Bg2 Nge7 7.O-O O-O 8.Re1 f6
9.exd5 exd5 10.d4 c4 11.Nf1 Bg4 12.Ne3 Bh5 13.g4 Bf7 14.Nh4 Bc7 15.Nhf5 
Qd7 16.c3 Rfe8 17.Ng3 Ng6 18.Nef5 Rxe1+ 19.Qxe1 Re8 20.Qf1 Nf4 21.Bf3 Nd3 
22.Bd2 Nxb2 23.Qb1 Bxg3 24.hxg3 Na4 25.Qc2 Nb6 26.Bf4 Bg6 27.Rb1 Kh8 28.
Kg2 Ne7 29.Re1 Rd8 30.Qb1 Nxf5 31.gxf5 Bxf5 32.Qb4 Re8 33.Rh1 Qe6 34.Bh5 
g6 35.Bd1 Be4+ 36.f3 Bc2 37.Bxc2 Qe2+ 38.Kh3 Qxc2 39.Re1 Qf5+ 40.Kg2 Qc2+ 
41.Kh3 Qf5+ 42.Kg2 Rg8 43.Qe7 g5 44.Bc7 Nc8 45.Qf7 b5 46.Be5 Qc2+ 47.Kg1 
fxe5 48.Qf6+ Rg7 1/2-1/2

[Event "zonal 2.3"]
[Site "San Salvador ESA"]
[Date "1998.11.05"]
[Round "1"]
[White "Rohl Montes, Juan"]
[Black "Chavez, Ricardo Ernesto"]
[Result "1-0"]
[WhiteElo "2330"]
[BlackElo "2150"]
[EventDate "1998.11.05"]
[PlyCount "61"]

1.e4 c5 2.Nf3 Nc6 3.Bb5 e6 4.O-O Nge7 5.Re1 Ng6 6.c3 d5 7.exd5 Qxd5 8.d4 
cxd4 9.c4 Qd6 10.Qxd4 Bd7 11.Qxd6 Bxd6 12.Nc3 a6 13.Ba4 f5 14.Nd5 O-O-O 
15.Nb6+ Kc7 16.Nxd7 Kxd7 17.Bg5 Rde8 18.Rad1 Kc7 19.Bxc6 bxc6 20.Nd4 Bf4 
21.Bxf4+ Nxf4 22.g3 c5 23.Nb3 Nh3+ 24.Kg2 Ng5 25.Nxc5 Kb6 26.Nxe6 Rxe6 27.
Rxe6+ Nxe6 28.Rd6+ Kc5 29.Rxe6 a5 30.Re5+ Kxc4 31.Rxa5 1-0

[Event "zonal 2.3"]
[Site "San Salvador ESA"]
[Date "1998.11.05"]
[Round "1"]
[White "Lorenzana, Wilson Estuardo"]
[Black "Soto Paez, Oliver"]
[Result "1/2-1/2"]
[WhiteElo "2130"]
[BlackElo "2320"]
[EventDate "1998.11.05"]
[PlyCount "111"]

1.e4 c5 2.Nf3 e6 3.d4 cxd4 4.Nxd4 a6 5.Bd3 Nf6 6.O-O Qc7 7.Qe2 d6 8.Kh1 g6
9.Nd2 Bg7 10.f4 Nbd7 11.f5 e5 12.N4b3 O-O 13.c4 b6 14.g4 Re8 15.Rg1 Bb7 
16.Nf1 b5 17.cxb5 axb5 18.Ng3 d5 19.Be3 b4 20.Rac1 Qb8 21.g5 Nxe4 22.Nxe4 
dxe4 23.Bb5 Rd8 24.f6 Bf8 25.Rgd1 Bd6 26.Rd2 Nf8 27.Rcd1 Ne6 28.Bc4 Nf4 
29.Qg4 Qc7 30.Rc1 Bf8 31.Bf1 Qb8 32.Rd7 Bc8 33.Rxd8 Bxg4 34.Rxb8 Rxb8 35.
Bc4 Ne2 36.Bxe2 Bxe2 37.Rc7 Rd8 38.Kg1 Bg4 39.Nd2 Be6 40.Nxe4 Bxa2 41.Kf2 
Bd5 42.Nc5 Bd6 43.Rd7 Rxd7 44.Nxd7 e4 45.h4 b3 46.Bd4 Bf4 47.Be3 Bh2 48.
Kg2 Bd6 49.Kf2 Bc6 50.Nc5 Be5 51.Nxb3 Bxb2 52.Bd4 Ba3 53.Bc5 Bb2 54.Bd4 
Ba3 55.Bc5 Bb2 56.Bd4 1/2-1/2

[Event "zonal 2.3"]
[Site "San Salvador ESA"]
[Date "1998.11.05"]
[Round "1"]
[White "Ruiz Gonzalez, Guillermo"]
[Black "Burgos, Carlos"]
[Result "0-1"]
[WhiteElo "2310"]
[BlackElo "2085"]
[EventDate "1998.11.05"]
[PlyCount "82"]

1.e4 c5 2.Nf3 Nc6 3.d4 cxd4 4.Nxd4 g6 5.c4 Bg7 6.Be3 Nf6 7.Nc3 Ng4 8.Qxg4 
Nxd4 9.Qd1 e5 10.Nb5 O-O 11.Qd2 Qe7 12.Rd1 d6 13.Be2 Nxb5 14.cxb5 Be6 15.
b3 Rfd8 16.Bc4 b6 17.Bd5 Bxd5 18.Qxd5 Qe6 19.O-O Qxd5 20.Rxd5 Bf8 21.Rfd1 
Be7 22.Kf1 f6 23.a4 Kf7 24.Rc1 Ke6 25.b4 Rdc8 26.Rc6 Kd7 27.Rxc8 Rxc8 28.
f3 Rc4 29.Bd2 f5 30.exf5 gxf5 31.Ke2 Ke6 32.Rd3 d5 33.Rb3 d4 34.Rb1 e4 35.
fxe4 fxe4 36.a5 Kd5 37.a6 e3 38.Be1 Ke4 39.Rb3 d3+ 40.Kf1 Rc1 41.Rc3 Rxe1+
0-1

[Event "zonal 2.3"]
[Site "San Salvador ESA"]
[Date "1998.11.05"]
[Round "1"]
[White "Chavez, Hector Eduardo"]
[Black "Guillen Ramirez, Jose Antonio"]
[Result "1/2-1/2"]
[WhiteElo "2070"]
[BlackElo "2220"]
[EventDate "1998.11.05"]
[PlyCount "29"]

1.d4 Nf6 2.Nc3 c5 3.Bg5 cxd4 4.Qxd4 Nc6 5.Qd2 e6 6.e4 Bb4 7.Bd3 d5 8.exd5 
exd5 9.a3 Ba5 10.b4 Bc7 11.Nf3 h6 12.Bh4 Bg4 13.Be2 O-O 14.O-O d4 15.Bxf6 
1/2-1/2

[Event "zonal 2.3"]
[Site "San Salvador ESA"]
[Date "1998.11.06"]
[Round "2"]
[White "Rohl Montes, Juan"]
[Black "Hernandez, Gilberto"]
[Result "0-1"]
[WhiteElo "2330"]
[BlackElo "2520"]
[EventDate "1998.11.05"]
[PlyCount "80"]

1.e4 c5 2.Nf3 e6 3.Nc3 a6 4.d4 cxd4 5.Nxd4 Qc7 6.Be2 b5 7.O-O Bb7 8.Bf3 
Nc6 9.Nxc6 dxc6 10.e5 Ne7 11.Qe2 Nd5 12.Nxd5 cxd5 13.c3 Be7 14.a4 Bc6 15.
Rd1 O-O 16.Bf4 Rfc8 17.axb5 Bxb5 18.Qd2 a5 19.Bg5 Bf8 20.Re1 a4 21.h4 a3 
22.h5 h6 23.Be3 Qxe5 24.Bxh6 axb2 25.Rab1 Qxc3 26.Qxb2 Bd3 27.Bd2 Qxb2 28.
Rxb2 Bc5 29.Be3 Bxe3 30.Rxe3 Rc1+ 31.Kh2 Bc4 32.Re5 Rd8 33.Rg5 Rd7 34.Rb8+
Kh7 35.Rc8 Rc2 36.Kg3 Bd3 37.Rb8 Bf5 38.Rb5 d4 39.Kf4 Rxf2 40.g4 Bd3 0-1

[Event "zonal 2.3"]
[Site "San Salvador ESA"]
[Date "1998.11.06"]
[Round "2"]
[White "Garcia, Gildardo"]
[Black "Valdes Romero, Leonardo"]
[Result "1-0"]
[WhiteElo "2510"]
[BlackElo "2285"]
[EventDate "1998.11.05"]
[PlyCount "149"]

1.e4 d6 2.d4 Nf6 3.Nc3 g6 4.Nf3 Bg7 5.Be2 O-O 6.O-O Bg4 7.Be3 Nc6 8.Qd2 e5
9.d5 Ne7 10.Rad1 Kh8 11.Ne1 Bd7 12.Nd3 Ng4 13.Bxg4 Bxg4 14.f3 Bd7 15.f4 
exf4 16.Bxf4 Nc8 17.Rf2 Qe7 18.Re1 f6 19.Be3 Nb6 20.b3 Rae8 21.Bd4 Qd8 22.
Nf4 Nc8 23.Na4 Nb6 24.Nxb6 axb6 25.c4 Kg8 26.h3 Rf7 27.Qc3 Qe7 28.Rfe2 Qf8
29.Nd3 Rfe7 30.b4 Ra8 31.c5 bxc5 32.bxc5 Bb5 33.Rb2 Qe8 34.cxd6 cxd6 35.
Nf4 Rc8 36.Qf3 f5 37.Bxg7 fxe4 38.Qa3 Rxg7 39.Ne6 Re7 40.Rxe4 Rc1+ 41.Kh2 
Rc4 42.Re3 Rc5 43.Qa7 Ba6 44.Nxc5 Rxe3 45.Ne6 Rxe6 46.dxe6 Qxe6 47.Qb8+ 
Kg7 48.Qc7+ Kh6 49.Qc1+ Kg7 50.Rc2 Qe5+ 51.Kh1 h5 52.Rf2 Qe7 53.Qc3+ Kh7 
54.Qd4 Qe1+ 55.Kh2 Qe5+ 56.Qxe5 dxe5 57.Rf7+ Kh6 58.Re7 Kg5 59.Rxe5+ Kf4 
60.Re7 g5 61.Rh7 h4 62.Kg1 Kg3 63.Rg7 Kf4 64.Kf2 Ke4 65.a4 Bc4 66.a5 Bd5 
67.Rc7 Ke5 68.g3 hxg3+ 69.Kxg3 Be4 70.Rc4 Bd5 71.Rb4 Bc6 72.Kg4 Bd7+ 73.
Kxg5 Bxh3 74.Rxb7 Bf1 75.Rb6 1-0

[Event "zonal 2.3"]
[Site "San Salvador ESA"]
[Date "1998.11.06"]
[Round "2"]
[White "Murillo Tsijli, Alexis"]
[Black "Denny, Kevin"]
[Result "1/2-1/2"]
[WhiteElo "2420"]
[BlackElo "2260"]
[EventDate "1998.11.05"]
[PlyCount "27"]

1.e4 c5 2.Nf3 d6 3.d4 cxd4 4.Nxd4 Nf6 5.Nc3 g6 6.Be2 Bg7 7.O-O O-O 8.Bg5 
Nc6 9.Nb3 a6 10.f4 b5 11.Bf3 b4 12.Na4 Qc7 13.c4 Nd7 14.Rc1 1/2-1/2

[Event "zonal 2.3"]
[Site "San Salvador ESA"]
[Date "1998.11.06"]
[Round "2"]
[White "Pilarte, Rene"]
[Black "Clavijo, Jorge Mario"]
[Result "0-1"]
[WhiteElo "2250"]
[BlackElo "2400"]
[EventDate "1998.11.05"]
[PlyCount "98"]

1.d4 Nf6 2.c4 g6 3.Nc3 d5 4.cxd5 Nxd5 5.e4 Nxc3 6.bxc3 Bg7 7.Bc4 c5 8.Ne2 
O-O 9.O-O Nc6 10.Be3 Bg4 11.f3 Na5 12.Bd3 cxd4 13.cxd4 Be6 14.Qd2 Nc4 15.
Bxc4 Bxc4 16.Rfd1 Qd7 17.Rac1 Rfc8 18.d5 Qa4 19.Nd4 Ba6 20.Nb3 b6 21.Bf4 
Rc4 22.Rxc4 Bxc4 23.e5 f6 24.e6 Rd8 25.d6 Bxe6 26.Nd4 Bf7 27.dxe7 Re8 28.
Bd6 f5 29.Nb3 Bf6 30.Re1 Qc6 31.Bb4 a5 32.Rc1 Qd5 33.Qxd5 Bxd5 34.Bd6 Bxe7
35.Bxe7 Rxe7 36.Rc8+ Kf7 37.Rb8 Rb7 38.Rh8 Kg7 39.Rd8 Bf7 40.Nc1 Rc7 41.
Rd1 Rc2 42.Nd3 Bxa2 43.Ne5 Rc7 44.Rd6 Rb7 45.Nc6 a4 46.Nd8 Rb8 47.Nc6 Ra8 
48.Nb4 Bf7 49.Rxb6 a3 0-1

[Event "zonal 2.3"]
[Site "San Salvador ESA"]
[Date "1998.11.06"]
[Round "2"]
[White "Burgos, Carlos"]
[Black "Zapata, Alonso"]
[Result "0-1"]
[WhiteElo "2085"]
[BlackElo "2470"]
[EventDate "1998.11.05"]
[PlyCount "98"]

1.e4 c5 2.Nf3 e6 3.c3 d5 4.exd5 Qxd5 5.d4 Nf6 6.Na3 Qd8 7.Nc2 Nc6 8.Bf4 
Bd6 9.Bxd6 Qxd6 10.Bb5 O-O 11.O-O b6 12.Re1 Bb7 13.Ne5 Rad8 14.Nxc6 Bxc6 
15.Bxc6 Qxc6 16.Qe2 Rd6 17.Rad1 Rfd8 18.dxc5 Qxc5 19.Ne3 Nd5 20.Nxd5 Rxd5 
21.Qf3 R5d6 22.h3 h6 23.Rxd6 Qxd6 24.c4 Qb4 25.Re2 Qxc4 26.b3 Qc1+ 27.Kh2 
Rd5 28.Re3 Qc7+ 29.Qg3 Qxg3+ 30.Kxg3 Kf8 31.Rc3 Rc5 32.Rd3 Ke7 33.a4 e5 
34.f3 a5 35.Kf2 Rc2+ 36.Ke3 Ke6 37.g3 f5 38.h4 g5 39.hxg5 hxg5 40.f4 gxf4+
41.gxf4 e4 42.Rd1 Rc3+ 43.Kd4 Rxb3 44.Rh1 Rb4+ 45.Ke3 Rxa4 46.Rh6+ Kd5 47.
Rxb6 Ra3+ 48.Ke2 Rf3 49.Rb5+ Ke6 0-1

[Event "zonal 2.3"]
[Site "San Salvador ESA"]
[Date "1998.11.06"]
[Round "2"]
[White "Minero Pineda, Sergio"]
[Black "Lorenzana, Wilson Estuardo"]
[Result "1-0"]
[WhiteElo "2405"]
[BlackElo "2130"]
[EventDate "1998.11.05"]
[PlyCount "93"]

1.Nf3 Nf6 2.c4 g6 3.g3 Bg7 4.Bg2 O-O 5.O-O d6 6.Nc3 Nc6 7.d4 a6 8.d5 Na5 
9.Nd2 c5 10.Qc2 Rb8 11.b3 b5 12.Bb2 bxc4 13.bxc4 Bh6 14.f4 Ng4 15.Nd1 Rxb2
16.Qxb2 Bg7 17.Qc1 Bxa1 18.Qxa1 Qb6 19.h3 Nf6 20.Nc3 Bb7 21.Rb1 Qc7 22.
Nce4 Nd7 23.Qc3 Rb8 24.h4 Bc8 25.Rxb8 Nxb8 26.Bf3 Qb6 27.a3 Bf5 28.Nf2 Bd7
29.h5 Be8 30.Ng4 f6 31.Qe3 Qd8 32.hxg6 hxg6 33.f5 Qd7 34.fxg6 Bxg6 35.Nh6+
Kh7 36.Bg4 Qe8 37.Be6 Qf8 38.Nf5 Bxf5 39.Bxf5+ Kg7 40.Qe4 Qf7 41.Qg4+ Kh8 
42.Qh3+ Kg7 43.g4 Kf8 44.Be6 Qg7 45.Qc3 Nbc6 46.dxc6 Nxc6 47.Qf3 1-0

[Event "zonal 2.3"]
[Site "San Salvador ESA"]
[Date "1998.11.06"]
[Round "2"]
[White "Chavez, Ricardo Ernesto"]
[Black "Ruiz Gonzalez, Guillermo"]
[Result "0-1"]
[WhiteElo "2150"]
[BlackElo "2310"]
[EventDate "1998.11.05"]
[PlyCount "48"]

1.e4 c5 2.g3 Nc6 3.Bg2 Nf6 4.Ne2 d5 5.exd5 Nxd5 6.d4 e6 7.O-O cxd4 8.Nxd4 
Bd7 9.Re1 Be7 10.Bxd5 exd5 11.Nc3 O-O 12.Nxd5 Bf6 13.Nxf6+ Qxf6 14.Nb5 
Rad8 15.Bf4 Bf5 16.Qe2 g6 17.Na3 Nd4 18.Qe3 Qc6 19.Qc3 Nf3+ 20.Kh1 Qxc3 
21.bxc3 Nxe1 22.Rxe1 Rfe8 23.Rxe8+ Rxe8 24.Kg2 Re1 0-1

[Event "zonal 2.3"]
[Site "San Salvador ESA"]
[Date "1998.11.06"]
[Round "2"]
[White "Soto Paez, Oliver"]
[Black "Chavez, Hector Eduardo"]
[Result "1-0"]
[WhiteElo "2320"]
[BlackElo "2070"]
[EventDate "1998.11.05"]
[PlyCount "137"]

1.e4 c5 2.Nf3 Nc6 3.d4 cxd4 4.Nxd4 g6 5.Nc3 Bg7 6.Be3 Nf6 7.Be2 O-O 8.O-O 
d5 9.exd5 Nxd5 10.Nxd5 Qxd5 11.Bf3 Qc4 12.Nxc6 bxc6 13.b3 Qc3 14.Rc1 Ba6 
15.Bd2 Qd4 16.c4 Rad8 17.Ba5 Rc8 18.Qe2 Qd7 19.Rfd1 Bd4 20.b4 Rfe8 21.Qe5 
c5 22.Qe4 f5 23.Qd5+ Qxd5 24.Bxd5+ e6 25.Bf3 Rb8 26.Bc6 Re7 27.b5 Bb7 28.
Bxb7 Rbxb7 29.Bc3 e5 30.Bxd4 exd4 31.Kf1 Kf7 32.a4 Ke8 33.a5 Kd8 34.Rc2 
Kc8 35.Re2 Rxe2 36.Kxe2 Re7+ 37.Kd3 Kb7 38.h4 h5 39.Rh1 Re6 40.Rh3 Kc7 41.
Rg3 Kd7 42.Kd2 Kd8 43.Rg5 Ke7 44.g4 hxg4 45.h5 gxh5 46.Rxh5 f4 47.Rxc5 f3 
48.Rg5 Re2+ 49.Kd3 Rxf2 50.Rxg4 Rg2 51.Rxd4 Ra2 52.Rf4 Rxa5 53.Rxf3 Kd6 
54.Kd4 Ra1 55.Rf6+ Kc7 56.Kc5 Rh1 57.Rf7+ Kb8 58.Rd7 Rh5+ 59.Kc6 Rh6+ 60.
Rd6 Rh8 61.b6 axb6 62.Kxb6 Kc8 63.c5 Rf8 64.Rh6 Rg8 65.c6 Rf8 66.Rh7 Kb8 
67.Rb7+ Ka8 68.Ra7+ Kb8 69.c7+ 1-0

[Event "zonal 2.3"]
[Site "San Salvador ESA"]
[Date "1998.11.07"]
[Round "3"]
[White "Hernandez, Gilberto"]
[Black "Garcia, Gildardo"]
[Result "1/2-1/2"]
[WhiteElo "2520"]
[BlackElo "2510"]
[EventDate "1998.11.05"]
[PlyCount "28"]

1.Nf3 Nf6 2.g3 g6 3.Bg2 Bg7 4.O-O d6 5.c4 O-O 6.Nc3 Nc6 7.Rb1 Bf5 8.d3 Qc8
9.b4 e5 10.b5 Ne7 11.e4 Bg4 12.Qc2 Kh8 13.a4 c5 14.Bg5 Nfg8 1/2-1/2

[Event "zonal 2.3"]
[Site "San Salvador ESA"]
[Date "1998.11.07"]
[Round "3"]
[White "Arencibia, Walter"]
[Black "Soto Paez, Oliver"]
[Result "1-0"]
[WhiteElo "2550"]
[BlackElo "2320"]
[EventDate "1998.11.05"]
[PlyCount "101"]

1.d4 d6 2.g3 g6 3.Bg2 Nf6 4.e4 Bg7 5.Ne2 O-O 6.O-O e5 7.Nbc3 c6 8.a4 Na6 
9.h3 Re8 10.Be3 exd4 11.Bxd4 Nb4 12.Qd2 Be6 13.Rfd1 Bc4 14.b3 Ba6 15.Nf4 
Qe7 16.Re1 g5 17.Nfe2 c5 18.Be3 h6 19.Rad1 Rad8 20.f4 Bxe2 21.Qxe2 Nh5 22.
Qxh5 Bxc3 23.Re2 d5 24.fxg5 dxe4 25.Rxd8 Qxd8 26.Rf2 Qd5 27.Bf1 Nd3 28.
cxd3 exd3 29.Bg2 Qe6 30.g6 fxg6 31.Qxc5 Qxe3 32.Qxc3 Qxg3 33.Qc4+ Kh8 34.
Qd4+ Kg8 35.Kf1 h5 36.h4 Qe5 37.Qxe5 Rxe5 38.Bxb7 a5 39.Rd2 Re3 40.Kg2 Kg7
41.Bf3 Kf6 42.Kf2 Re6 43.Rxd3 Rb6 44.Kg3 g5 45.hxg5+ Kxg5 46.Rd5+ Kf6 47.
Rb5 Rd6 48.Bxh5 Rd3+ 49.Kf4 Ke6 50.Be2 Rc3 51.Rxa5 1-0

[Event "zonal 2.3"]
[Site "San Salvador ESA"]
[Date "1998.11.07"]
[Round "3"]
[White "Clavijo, Jorge Mario"]
[Black "Beltran, Carlos Armando"]
[Result "1-0"]
[WhiteElo "2400"]
[BlackElo "2270"]
[EventDate "1998.11.05"]
[PlyCount "137"]

1.d4 Nf6 2.c4 e6 3.g3 c5 4.d5 exd5 5.cxd5 d6 6.Nf3 g6 7.Nc3 Bg7 8.Bg2 O-O 
9.O-O Re8 10.Nd2 Nbd7 11.e4 a6 12.a4 b6 13.h3 Rb8 14.Nc4 Ne5 15.Na3 Re7 
16.f4 Ned7 17.Nc4 Ne8 18.Kh2 Nf8 19.e5 b5 20.axb5 axb5 21.exd6 Nxd6 22.Na5
Bb7 23.Nc6 Bxc6 24.dxc6 Bxc3 25.bxc3 Nc4 26.Qxd8 Rxd8 27.f5 Re2 28.g4 Rc8 
29.Kh1 Ne3 30.Bxe3 Rxe3 31.Ra7 Rxc3 32.fxg6 hxg6 33.Rfxf7 Rd3 34.Rfb7 b4 
35.Kh2 Kh8 36.Be4 Rd4 37.Bxg6 Rxc6 38.Rb8 Rf6 39.Bf5 Rdd6 40.Rab7 Kg8 41.
Kg3 Rd4 42.Rc8 Rdd6 43.Rxc5 Rb6 44.Rb5 Rbc6 45.h4 Ng6 46.Rb8+ Kh7 47.Bxg6+
Kxg6 48.h5+ Kf7 49.R5b7+ Ke6 50.Rb6 Ke7 51.Rxc6 Rxc6 52.Rxb4 Kf6 53.Kf4 
Kg7 54.g5 Rc7 55.h6+ Kg6 56.Rb6+ Kh7 57.Kf5 Rf7+ 58.Kg4 Ra7 59.Kh5 Ra5 60.
Rf6 Rb5 61.Rf7+ Kg8 62.Rg7+ Kh8 63.Rc7 Ra5 64.Re7 Rb5 65.Kg6 Rb6+ 66.Kf5 
Rb5+ 67.Kf6 Rb6+ 68.Re6 Rb1 69.Re8+ 1-0

[Event "zonal 2.3"]
[Site "San Salvador ESA"]
[Date "1998.11.07"]
[Round "3"]
[White "Denny, Kevin"]
[Black "Minero Pineda, Sergio"]
[Result "1-0"]
[WhiteElo "2260"]
[BlackElo "2405"]
[EventDate "1998.11.05"]
[PlyCount "75"]

1.e4 e6 2.d4 d5 3.Nd2 Nf6 4.e5 Nfd7 5.c3 c5 6.Bd3 Nc6 7.Ngf3 g6 8.h4 Bg7 
9.h5 Qb6 10.Qe2 cxd4 11.cxd4 Nxd4 12.Nxd4 Qxd4 13.Nf3 Qb4+ 14.Kf1 O-O 15.
hxg6 fxg6 16.Rh4 Qe7 17.Bg5 Qe8 18.Rc1 Rxf3 19.gxf3 Nxe5 20.Rc7 Nxd3 21.
Qxd3 Bd7 22.Kg2 Bxb2 23.Rxb7 Be5 24.Qe3 Bh8 25.Qc5 Be5 26.f4 Rc8 27.Qxa7 
Bb8 28.Qd4 Rc7 29.Rxc7 Bxc7 30.Bh6 Qe7 31.Rh1 Bd8 32.a4 Qf6 33.Qxf6 Bxf6 
34.a5 Bb5 35.Rb1 Bc4 36.Rb6 Bd4 37.Rd6 Kf7 38.a6 1-0

[Event "zonal 2.3"]
[Site "San Salvador ESA"]
[Date "1998.11.07"]
[Round "3"]
[White "Guillen Ramirez, Jose Antonio"]
[Black "Murillo Tsijli, Alexis"]
[Result "1/2-1/2"]
[WhiteElo "2220"]
[BlackElo "2420"]
[EventDate "1998.11.05"]
[PlyCount "85"]

1.d4 d5 2.c4 e6 3.Nc3 Nf6 4.Bg5 Be7 5.Nf3 h6 6.Bh4 O-O 7.Rc1 b6 8.Bxf6 
Bxf6 9.cxd5 exd5 10.g3 Be6 11.Bg2 c5 12.Qa4 a6 13.dxc5 bxc5 14.O-O Ra7 15.
Rfd1 Rd7 16.b3 Qc8 17.Qa5 Rfd8 18.Ne1 Bxc3 19.Qxc3 Rc7 20.Nd3 Nd7 21.Nf4 
Nf6 22.e3 Rd6 23.Rd2 Qd8 24.Rcd1 Bg4 25.Rc1 Ne4 26.Bxe4 dxe4 27.Rxd6 Qxd6 
28.b4 c4 29.Qd4 Qxd4 30.exd4 Bf3 31.Kf1 Kf8 32.Ke1 g5 33.Ne2 Ke7 34.Nc3 
Ke6 35.a4 f5 36.b5 axb5 37.Nxb5 Rc8 38.Kd2 f4 39.Kc3 e3 40.fxe3 fxe3 41.a5
Kd7 42.Re1 e2 43.d5 1/2-1/2

[Event "zonal 2.3"]
[Site "San Salvador ESA"]
[Date "1998.11.07"]
[Round "3"]
[White "Valdes Romero, Leonardo"]
[Black "Rohl Montes, Juan"]
[Result "1/2-1/2"]
[WhiteElo "2285"]
[BlackElo "2330"]
[EventDate "1998.11.05"]
[PlyCount "74"]

1.Nf3 d6 2.d4 Nf6 3.c4 g6 4.Nc3 Bg7 5.e4 O-O 6.Be2 e5 7.O-O Nc6 8.d5 Ne7 
9.b4 Kh8 10.a4 Neg8 11.Nd2 Bh6 12.c5 Ne8 13.Ba3 f5 14.Nc4 Ngf6 15.Bf3 fxe4
16.Nxe4 Nxe4 17.Bxe4 Bf5 18.Bxf5 Rxf5 19.cxd6 cxd6 20.Ra2 Rf4 21.Rc2 Rd4 
22.Qf3 Rc8 23.Qb3 Qh4 24.Nxe5 Rxc2 25.Nf3 Qe4 26.Nxd4 Rd2 27.Nf3 Rd3 28.
Qc2 Qxd5 29.Re1 Nf6 30.Bb2 Bg7 31.Ng5 h6 32.Ne6 Rd2 33.Qc8+ Kh7 34.Nf8+ 
Bxf8 35.Qxf8 Qe6 36.Kf1 Qc4+ 37.Kg1 Qe6 1/2-1/2

[Event "zonal 2.3"]
[Site "San Salvador ESA"]
[Date "1998.11.07"]
[Round "3"]
[White "Ruiz Gonzalez, Guillermo"]
[Black "Infante Meyer, Salvador"]
[Result "1-0"]
[WhiteElo "2310"]
[BlackElo "2225"]
[EventDate "1998.11.05"]
[PlyCount "103"]

1.e4 c5 2.Nf3 d6 3.d4 cxd4 4.Nxd4 Nf6 5.Nc3 a6 6.Bg5 e6 7.f4 Be7 8.Qf3 h6 
9.Bh4 Qc7 10.O-O-O Nbd7 11.Bd3 g5 12.fxg5 Ne5 13.Qe2 Nfg4 14.h3 hxg5 15.
Bg3 Nf6 16.Rhf1 Bd7 17.Nf3 Nh5 18.Bh2 f6 19.Qe3 b5 20.Kb1 Qa7 21.Qd2 O-O-O
22.Ne2 Kb8 23.Bg1 Qb7 24.Nfd4 Rc8 25.Nb3 Qc7 26.Rc1 Bd8 27.Qe3 Qb7 28.Qd4 
Rc6 29.Qb4 Nc4 30.Nbd4 Ba5 31.Nxc6+ Bxc6 32.Qxa5 Nxa5 33.g4 Ng7 34.Rxf6 
Qe7 35.Rcf1 Be8 36.R6f3 Nc6 37.Bh2 Kc8 38.c4 Nb4 39.cxb5 axb5 40.Nc3 Nxd3 
41.Rxd3 e5 42.Nd5 Qd8 43.Rf6 Kb7 44.Bg1 Qa5 45.Bf2 Qd8 46.Ra3 Rg8 47.Ra7+ 
Kb8 48.Ra6 Ne6 49.Rxe6 Rg6 50.Re7 Rf6 51.Rb6+ Kc8 52.Ra7 1-0

[Event "zonal 2.3"]
[Site "San Salvador ESA"]
[Date "1998.11.07"]
[Round "3"]
[White "Lorenzana, Wilson Estuardo"]
[Black "Pilarte, Rene"]
[Result "0-1"]
[WhiteElo "2130"]
[BlackElo "2250"]
[EventDate "1998.11.05"]
[PlyCount "80"]

1.e4 c5 2.Nf3 d6 3.d4 cxd4 4.Nxd4 Nf6 5.Nc3 a6 6.Bc4 e6 7.Bb3 Nbd7 8.Be3 
Nc5 9.f4 Be7 10.Qf3 Qc7 11.f5 O-O 12.O-O Bd7 13.fxe6 fxe6 14.Qh3 Nxb3 15.
cxb3 Rae8 16.Rac1 Qa5 17.a3 Qe5 18.Nf3 Qh5 19.Qxh5 Nxh5 20.e5 Nf4 21.exd6 
Bxd6 22.Rcd1 Nd5 23.Bd4 Bc6 24.Ne5 Bxe5 25.Bxe5 Ne3 26.Rxf8+ Rxf8 27.Rc1 
Nxg2 28.Bg3 Nf4 29.Bxf4 Rxf4 30.Rc2 Kf7 31.b4 g5 32.Ne2 Rg4+ 33.Ng3 h5 34.
Rf2+ Kg6 35.Kf1 h4 36.Ne2 Bb5 37.Ke1 Re4 38.Kd2 Rxe2+ 39.Rxe2 Bxe2 40.Kxe2
Kf5 0-1

[Event "zonal 2.3"]
[Site "San Salvador ESA"]
[Date "1998.11.07"]
[Round "3"]
[White "Reyes Najera, Carlos Antonio"]
[Black "Burgos, Carlos"]
[Result "1-0"]
[WhiteElo "2235"]
[BlackElo "2085"]
[EventDate "1998.11.05"]
[PlyCount "85"]

1.d4 c5 2.d5 f5 3.c4 Nf6 4.Nc3 g6 5.g3 d6 6.Bg2 Bg7 7.Nh3 O-O 8.Nf4 Na6 9.
h4 Nc7 10.h5 g5 11.h6 Bh8 12.Nd3 g4 13.Bf4 Rb8 14.a4 a6 15.a5 b5 16.axb6 
Na8 17.Nxc5 Nxb6 18.Qd3 Qc7 19.Ne6 Qxc4 20.Nxf8 Kxf8 21.Qxc4 Nxc4 22.Rc1 
Nxb2 23.O-O Bd7 24.Rb1 Rc8 25.Rxb2 Rxc3 26.Rb8+ Ne8 27.Rfb1 Bb5 28.e4 Bf6 
29.Re1 Kf7 30.exf5 Nc7 31.Rc1 Rxc1+ 32.Bxc1 Ne8 33.Bf1 Bxf1 34.Kxf1 Bd4 
35.Rb4 Bc5 36.Rxg4 Kf6 37.Ra4 Nc7 38.g4 Nxd5 39.Rxa6 Nb4 40.Ra4 Nd3 41.Bd2
Nxf2 42.g5+ Kf7 43.Bc3 1-0

[Event "zonal 2.3"]
[Site "San Salvador ESA"]
[Date "1998.11.09"]
[Round "4"]
[White "Zapata, Alonso"]
[Black "Arencibia, Walter"]
[Result "1/2-1/2"]
[WhiteElo "2470"]
[BlackElo "2550"]
[EventDate "1998.11.05"]
[PlyCount "56"]

1.e4 e5 2.Nf3 Nc6 3.Bb5 Nf6 4.d4 exd4 5.O-O d6 6.Nxd4 Bd7 7.Bxc6 bxc6 8.
Nc3 Be7 9.Re1 O-O 10.h3 Re8 11.Bf4 h6 12.Qf3 Nh7 13.Rad1 Nf8 14.Bh2 Qb8 
15.b3 Qb4 16.Nb1 Qa5 17.a3 Rad8 18.Bf4 Ng6 19.Bd2 Qc5 20.Qc3 Qxc3 21.Bxc3 
c5 22.Nf3 Bc6 23.Ba5 Rd7 24.Nc3 Bd8 25.Nd5 Bb7 26.Bd2 c6 27.Nf4 Nxf4 28.
Bxf4 Re6 1/2-1/2